| 000 | 00971cam a22003015a 4500 | ||
|---|---|---|---|
| 001 | 016048895 | ||
| 003 | OSt | ||
| 005 | 20160823144005.0 | ||
| 008 | 120306t2013 moua frb 001 0 eng d | ||
| 020 | _a9780323082204 | ||
| 020 | _a0323082203 | ||
| 040 |
_aStDuBDS _beng _cStDuBDS _dEG-ScBUE |
||
| 082 | 0 | 4 |
_222 _a617.643 _bOKE |
| 100 | 1 |
_aOkeson, Jeffrey P. _937679 |
|
| 245 | 1 | 0 |
_aManagement of temporomandibular disorders and occlusion / _cJeffrey P. Okeson. |
| 250 | _a7th ed. | ||
| 260 |
_aSant Louis, Missouri : _bElsevier / Mosby, _cc.2013. |
||
| 300 |
_aix, 488 p. : _bill. (col.) ; _c28 cm. |
||
| 500 | _aIndex : p. 469-488. | ||
| 504 | _aIncludes bibliographical references. | ||
| 650 | 7 |
_aTemporomandibular joint _xDiseases. _2BUEsh _935786 |
|
| 650 | 7 |
_aOcclusion (Dentistry). _2BUEsh _930237 |
|
| 650 | 7 |
_aMalocclusion. _2BUEsh _940823 |
|
| 651 | _2BUEsh | ||
| 653 |
_bDDent _cApril2015 |
||
| 653 |
_bDDent _cAugust 2016 |
||
| 942 |
_2ddc _k617.643 OKE _e22 |
||
| 999 |
_c19205 _d19177 |
||